| 000 | 01038cam a2200265 4500 | ||
|---|---|---|---|
| 001 | RV123525 | ||
| 008 | 030909n2003 000 0 eng u | ||
| 035 | _a(Sirsi) u123525 | ||
| 100 | _aBarratt, Kate | ||
| 245 |
_aR742 _bcontaminated land |
||
| 260 |
_aLondon _bRICS _c2003 |
||
| 490 |
_aRICS Abstracts and Reviews _v39 (5) May 2003, 16-19(4) |
||
| 520 | _aProvides a selection of recent material on contaminated land including key legislation and guidance, books, articles, CPD material and websites. Available from the RICS Library, price £4. | ||
| 650 | _aCONTAMINATED LAND | ||
| 650 | _aCONTAMINATED LAND (ENGLAND) REGULATIONS 2000 | ||
| 650 | _aLAND REMEDIATION | ||
| 650 | _aDERELICT LAND | ||
| 650 | _aENVIRONMENT ACT 1995 | ||
| 650 | _aREADING LISTS | ||
| 650 | _aENVIRONMENTAL PROTECTION ACT 1990 | ||
| 690 | _aENVIRONMENT-CONTAMINATION | ||
| 710 |
_aRoyal Institution of Chartered Surveyors _bLibrary and Information Services _94634 |
||
| 710 |
_aRoyal Institution of Chartered Surveyors _94900 |
||
| 942 | _n0 | ||
| 999 |
_c103052 _d103052 |
||